Представление документа в формате MARC21

Поле Инд. ПП Название Значение
Тип записи a
Библиографический уровень m
001 Контрольный номер 65189918-a202-4f15-ad30-6aba8eb41d07
005 Дата корректировки 20140226195558.3
008 Кодируемые данные 981002 d
020 c Цена, тираж 7.83
040 a Служба первич. каталог. НБ ТвГУ
041 a Код языка текста rus
080 a Индекс УДК 524.7-823
a Индекс УДК 524.3-52
084 a Индекс другой классификации/Индекс ББК В67
a Индекс другой классификации/Индекс ББК В632.4
090 a Полочн. индекс В67
x Авторский знак А43
c Каталожный индекс В67 + В632.4
245 10 a Заглавие Активные ядра и звездная космогония
b Продолж. заглавия [сборник статей]
c Ответственность МГУ им. М. В. Ломоносова, Гос. астрон. ин-т им. П. К. Штернберга ; под ред. Д. Я. Мартынова
260 0_ a Место издания Москва
b Издательство Московский государственный университет
c Дата издания 1987
300 a Объем 238, [1] с.
b Иллюстрации/ тип воспроизводства ил.
504 a Библиография Библиогр. в конце ст.
583 a Действие Получение впервые 388 15.07.98
k Исполнитель действия Обмен
650 a Основная рубрика Звезды
x Основная подрубрика Происхождение и эволюция
650 a Основная рубрика Галактики
x Основная подрубрика Активные ядра
653 a Ключевые слова Активные ядра галактик
a Ключевые слова Галактики
a Ключевые слова Звездная космогония
a Ключевые слова Звездообразование
a Ключевые слова Звезды
a Ключевые слова Космогония
a Ключевые слова Межзвездная среда
a Ключевые слова Ядра галактик
700 1_ a Другие авторы Мартынов Дмитрий Яковлевич
e Роль лиц ред.
852 t Порядковый номер экземпляра 1
p Инвентарный номер 698585
888 a Бесплатные
952 p 388.98 7.83 1 698585
c Вид литературы К рн
954 a Дата поступления на обработку 19980723
999 a Подразделение 2 Фил3